| 000 | 00743cam a2200253 a 4500 | ||
|---|---|---|---|
| 001 | 000010543 | ||
| 005 | 20200929162239.0 | ||
| 008 | 891212s1998 sp 000 f spa d | ||
| 020 | _a8440702256 | ||
| 040 |
_aDO-SdBNP _bspa _cLC _dBNPHU |
||
| 082 |
_aU863.44 _bO58a |
||
| 100 | 1 |
_aOnetti, Juan Carlos, _d1909-1994 _923877 |
|
| 245 | 1 | 3 |
_aEl astillero / _cJuan Carlos Onetti. |
| 260 |
_aMadrid : _bClub Internacional del Libro, _c[1998]. |
||
| 300 |
_a206 p. ; _c22 cm. |
||
| 490 | 1 | _aUniversidad de Acalá | |
| 586 | _aPremio Cervantes 1980. | ||
| 650 | 4 |
_aNovela uruguaya _95679 |
|
| 650 | 4 |
_aLiteratura uruguaya _93054 |
|
| 830 | 0 |
_aUniversidad de Acalá _925575 |
|
| 910 | _aCatalogación derivada | ||
| 910 | _aWM | ||
| 049 | _aBNGR | ||
| 999 |
_c10301 _d10301 |
||